000 00517nam a2200181Ia 4500
003 OSt
005 20250908122704.0
008 220917b |||||||| |||| 00| 0 eng d
037 _cTB
040 _aARTS
_cARTS
_beng
041 _2eng
_aeng
084 _aR293 N3
_qAL
100 _aPayne Michael
_977366
245 0 _aReasing theory
_b an introduction to lacan,Derrida and kristeva
260 _aOxford
_bBlackwell
_c1993
942 _hR293 N3
_cTB
_2CC
_n0
999 _c191662
_d191662